Aerodynamics for Engineering Students/ (Record no. 606801)
[ view plain ]
| 000 -LEADER | |
|---|---|
| fixed length control field | 00402nam a22001577a 4500 |
| 040 ## - CATALOGING SOURCE | |
| Transcribing agency | NUST |
| 082 ## - DEWEY DECIMAL CLASSIFICATION NUMBER | |
| Classification number | 629.1323 |
| Author Mark | HOU |
| 100 ## - MAIN ENTRY--PERSONAL NAME | |
| Personal name | Houghton, E.L. |
| 9 (RLIN) | 40697 |
| 245 ## - TITLE STATEMENT | |
| Title | Aerodynamics for Engineering Students/ |
| Statement of responsibility, etc. | E.L. Houghton |
| 250 ## - EDITION STATEMENT | |
| Edition statement | Seventh Edition |
| 260 ## - PUBLICATION, DISTRIBUTION, ETC. | |
| Place of publication, distribution, etc. | United States: |
| Name of publisher, distributor, etc. | Elsevier; |
| Date of publication, distribution, etc. | 2017. |
| 300 ## - PHYSICAL DESCRIPTION | |
| Extent | 671p. |
| 521 ## - TARGET AUDIENCE NOTE | |
| Source | HB |
| 710 ## - ADDED ENTRY--CORPORATE NAME | |
| Corporate name or jurisdiction name as entry element | P.W. Carpenter |
| 9 (RLIN) | 118621 |
| 942 ## - ADDED ENTRY ELEMENTS (KOHA) | |
| Source of classification or shelving scheme | |
| Koha item type | Book |
| Withdrawn status | Lost status | Source of classification or shelving scheme | Damaged status | Not for loan | Permanent Location | Current Location | Shelving location | Date acquired | Total Checkouts | Full call number | Barcode | Date last seen | Price effective from | Koha item type | Checked out | Date last checked out |
|---|---|---|---|---|---|---|---|---|---|---|---|---|---|---|---|---|
| School of Mechanical & Manufacturing Engineering (SMME) | School of Mechanical & Manufacturing Engineering (SMME) | Aerospace Engineering | 11/22/2023 | 629.1323 HOU | SMME-4402 | 11/22/2023 | 11/22/2023 | Book | ||||||||
| School of Mechanical & Manufacturing Engineering (SMME) | School of Mechanical & Manufacturing Engineering (SMME) | Aerospace Engineering | 11/22/2023 | 1 | 629.1323 HOU | SMME-4403 | 07/29/2025 | 11/22/2023 | Book | 08/28/2025 | 07/29/2025 | |||||
| School of Mechanical & Manufacturing Engineering (SMME) | School of Mechanical & Manufacturing Engineering (SMME) | Aerospace Engineering | 11/22/2023 | 629.1323 HOU | SMME-4404 | 11/22/2023 | 11/22/2023 | Book |
